000 00292nam a2200121Ia 4500
008 201224s9999 xx 000 0 und d
100 _aMohring, Herbert (Ed.)
245 0 _aEconomics of Transport
260 _aAldershot
_bEdward Elgaqr
300 _a471
490 _vVol.II.
942 _cBK
999 _c9030
_d9030